| 000 | 00900nam a2200169Ia 4500 | ||
|---|---|---|---|
| 003 | Ost | ||
| 005 | 20260507075659.0 | ||
| 008 | 260507s9999||||xx |||||||||||||| ||und|| | ||
| 040 | _cfsecg | ||
| 041 | _aara | ||
| 100 |
_aالصبان، محمد سمير _eمؤلف |
||
| 245 | 0 |
_aدراسات في المحاسبة المالية / _c محمد سمير الصبان |
|
| 260 |
_aالاسكندرية: _bالدار الجامعية, _c2002 |
||
| 300 | _a475 صفحة؛ | ||
| 520 | _aالمحاسبة كنظام للمعلومات ،القياس المحاسبي للأصول النقدية ،الياس الجبائي للأصول غير النقدية القياس المحاسبي للأصول الثابة في قياس المصروفات ، القواعد المحاسبية التي تحكم القياس المحاسبي في حالة السجلات غير الكاملة | ||
| 942 | _cكتاب | ||
| 999 |
_c45786 _d45786 |
||